|
|
|
|
| LEADER |
01863ncm a2200517 i 4500 |
| 001 |
001789738 |
| 003 |
CZ BrMZK |
| 005 |
20210804085507.0 |
| 007 |
qu |
| 008 |
210429t19571957xr dfzeg nn cze |
| 020 |
|
|
|q (Brožováno)
|
| 028 |
2 |
1 |
|a H 2346a, b
|b SNKLHU
|
| 040 |
|
|
|a BOA001
|b cze
|e rda
|
| 043 |
|
|
|a e-xr---
|
| 045 |
|
|
|a x-x-
|
| 048 |
|
|
|a oe
|
| 072 |
|
7 |
|x Populární hudba. Populární písně. Populární taneční hudba
|a 78.011.26
|2 Konspekt
|9 9
|
| 080 |
|
|
|a 78.03.011.26
|2 MRF
|
| 080 |
|
|
|a 78.085.011.26
|2 MRF
|
| 080 |
|
|
|a 78.085.322.011.26
|2 MRF
|
| 080 |
|
|
|a 78.085.322.011.26
|2 MRF
|
| 080 |
|
|
|a 78.089.6.087
|2 MRF
|
| 100 |
1 |
|
|a Krotil, Zdeněk,
|d 1926-1984
|7 jk01063455
|4 cmp
|4 arr
|
| 245 |
1 |
0 |
|a Jarní láska :
|b slowfox /
|c Zdeněk Krotil ; slova: Bohuslav Nádvorník. Dobrý nápad : foxtrot / Zdeněk Krotil ; ; instrumentace autor
|
| 254 |
|
|
|a 1. vydání
|
| 264 |
|
1 |
|a Praha :
|b Státní nakladatelství krásné literatury, hudby a umění,
|c 1957
|
| 264 |
|
4 |
|c ©1957
|
| 300 |
|
|
|a 11 hlasů ;
|c 27 cm
|
| 336 |
|
|
|a zápis hudby
|b ntm
|2 rdacontent
|
| 337 |
|
|
|a bez média
|b n
|2 rdamedia
|
| 338 |
|
|
|a svazek
|b nc
|2 rdacarrier
|
| 382 |
|
|
|a taneční orchestr
|e 1
|t 1
|
| 490 |
1 |
|
|a Taneční orchestr ;
|v 97
|
| 648 |
|
7 |
|a 20. století
|7 ch460558
|
| 650 |
0 |
7 |
|a populární hudba
|7 ph124352
|z Česko
|y 20. století
|2 czenas
|
| 650 |
0 |
7 |
|a taneční hudba
|7 ph126436
|2 czenas
|
| 650 |
0 |
7 |
|a slowfoxy
|7 ph224457
|2 czenas
|
| 650 |
0 |
7 |
|a foxtroty
|7 ph224337
|2 czenas
|
| 655 |
|
7 |
|a partitury a hlasy
|7 fd186702
|2 czenas
|
| 700 |
1 |
|
|a Nádvorník, Bohuslav,
|d 1920-1994
|7 jk01082630
|4 lyr
|
| 740 |
0 |
2 |
|a Dobrý nápad
|
| 830 |
|
0 |
|a Taneční orchestr (SNKLHU)
|
| 910 |
|
|
|a BOA001
|b Mus3-1465.109
|
| 990 |
|
|
|a MU
|
| 991 |
|
|
|b 202108
|
| 996 |
6 |
|
|b 2610864508
|c Mus3-1465.109
|l MZK
|r Sklad / do 1 hodiny
|n 0
|p dar
|w 001851845
|u 000010
|a 1
|e BOA001
|j MZK50
|s P
|